Name the Pasta Shape - Statistics

General Stats
  • This quiz has been taken 105 times
  • The average score is 9 of 12
Answer Stats
Picture Answer % Correct
Spaghetti
96%
Lasagna
95%
Penne
94%
Ravioli
93%
Macaroni
83%
Gnocchi
82%
Farfalle
76%
Tortellini
74%
Rigatoni
71%
Angel hair
43%
Shells
41%
Rotini
23%
No matching quizzes found
Score Distribution
Percent of People with Each Score
Percentile by Number Answered
Your Score History
You have not taken this quiz